<?xml version="1.0" encoding="UTF-8"?><?xml-stylesheet type="text/xsl" href="static/style.xsl"?><OAI-PMH xmlns="http://www.openarchives.org/OAI/2.0/" xmlns:xsi="http://www.w3.org/2001/XMLSchema-instance" xsi:schemaLocation="http://www.openarchives.org/OAI/2.0/ http://www.openarchives.org/OAI/2.0/OAI-PMH.xsd"><responseDate>2026-04-17T13:54:53Z</responseDate><request verb="GetRecord" identifier="oai:www.recercat.cat:10459.1/58925" metadataPrefix="marc">https://recercat.cat/oai/request</request><GetRecord><record><header><identifier>oai:recercat.cat:10459.1/58925</identifier><datestamp>2024-12-05T22:23:30Z</datestamp><setSpec>com_2072_3622</setSpec><setSpec>col_2072_479130</setSpec></header><metadata><record xmlns="http://www.loc.gov/MARC21/slim" xmlns:dcterms="http://purl.org/dc/terms/" xmlns:xsi="http://www.w3.org/2001/XMLSchema-instance" xmlns:doc="http://www.lyncode.com/xoai" xsi:schemaLocation="http://www.loc.gov/MARC21/slim http://www.loc.gov/standards/marcxml/schema/MARC21slim.xsd">
   <leader>00925njm 22002777a 4500</leader>
   <datafield ind2=" " ind1=" " tag="042">
      <subfield code="a">dc</subfield>
   </datafield>
   <datafield ind2=" " ind1=" " tag="720">
      <subfield code="a">Sabaté Dalmau, Maria</subfield>
      <subfield code="e">author</subfield>
   </datafield>
   <datafield ind2=" " ind1=" " tag="260">
      <subfield code="c">2017-01-10T15:51:16Z</subfield>
   </datafield>
   <datafield ind2=" " ind1=" " tag="260">
      <subfield code="c">2017-01-10T15:51:16Z</subfield>
   </datafield>
   <datafield ind2=" " ind1=" " tag="260">
      <subfield code="c">2016-12</subfield>
   </datafield>
   <datafield ind2=" " ind1=" " tag="260">
      <subfield code="c">2017-01-10T15:51:16Z</subfield>
   </datafield>
   <datafield ind2=" " ind1=" " tag="520">
      <subfield code="a">Des del camp de la sociolingüística crítica de base etnogràfica, aquest estudi investiga les pràctiques i ideologies lingüístiques entorn del català d'un grup de vint persones multilingües indocumentades que, provinents de l'Àsia meridional, el nord d' Àfrica, l' Àfrica central, l'Europa de l'Est i Llatinoamèrica, organitzen les seves trajectòries de mobilitat en un locutori d'un barri castellanoparlant de l'àrea metropolitana de Barcelona. A través d'entrevistes, gravacions d'interaccions espontànies i observació participant de pràctiques comunicatives orals i escrites recollides al llarg de dos anys, s'analitzen els discursos sobre aquesta llengua que es mobilitzen en aquests espais discursius transnacionals. S'argumenta que les xarxes migratòries perceben el català com un codi sense rèdit socioeconòmic en el mercat laboral local, i com una llengua «aliena» d'ús privat ideològicament no inserida en els seus repertoris lingüístics. Tanmateix, s'observa que, a la pràctica, el català s'inscriu en el castellà globalitzat eminentment translingüístic amb què els informants fan front a la seva precarietat socio- econòmica. Es conclou que, en espais urbans on impera el castellà com a llengua franca (de va riants molt flexibles alhora peninsulars i llatinoamericanes), les poblacions migrades ten - deixen a legitimar els règims monolingües de les societats d'acollida. Quant a ús, però, es demostra que les xarxes transnacionals amb perspectives de reterritorialització a Catalunya s'integren en els mercats lingüístics dels barris catalans incorporant l'ús del bilingüisme en català i castellà en el seu dia a dia. Amb tot, no esdevenen nous parlants del català, en aquestes institucions alternatives de la migració encara inexplorades on la presència d'aquesta llengua és escassa</subfield>
   </datafield>
   <datafield ind1="8" ind2=" " tag="024">
      <subfield code="a">http://hdl.handle.net/10459.1/58925</subfield>
   </datafield>
   <datafield tag="653" ind2=" " ind1=" ">
      <subfield code="a">Multilingüisme</subfield>
   </datafield>
   <datafield tag="653" ind2=" " ind1=" ">
      <subfield code="a">Lingüística</subfield>
   </datafield>
   <datafield tag="653" ind2=" " ind1=" ">
      <subfield code="a">Català</subfield>
   </datafield>
   <datafield tag="653" ind2=" " ind1=" ">
      <subfield code="a">Multilingualism</subfield>
   </datafield>
   <datafield tag="653" ind2=" " ind1=" ">
      <subfield code="a">Linguistics</subfield>
   </datafield>
   <datafield tag="653" ind2=" " ind1=" ">
      <subfield code="a">Catalan language</subfield>
   </datafield>
   <datafield ind2="0" ind1="0" tag="245">
      <subfield code="a">El català dels locutoris: pràctiques i ideologies lingüístiques de la migració en espais urbans castellanoparlants</subfield>
   </datafield>
</record></metadata></record></GetRecord></OAI-PMH>